| 000 | 00723nam a22001937a 4500 | ||
|---|---|---|---|
| 999 |
_c182678 _d182678 |
||
| 005 | 20211201150343.0 | ||
| 010 | _aUR-11345 | ||
| 020 |
_c200.00 _a9789390789306 |
||
| 035 | _aU-9900 | ||
| 037 | _bDBAD/PUB | ||
| 082 | _a840.08 | ||
| 100 | _aمر تبہ:سلطا ن ا ختر سو لا پو ر | ||
| 245 |
_aنقش و فا ( ا ر شد صد يقی :شخصيت ا و ر فن ) _cمر تبہ:سلطا ن ا ختر سو لا پو ر |
||
| 246 |
_aNaqsh-e-Wafa Urdu) _bby Sultan Akhtar Sola Pur |
||
| 260 |
_aN.Delhi _c2021 ء _bEducational Publishing House |
||
| 270 |
_aD1/16,Ansari Road,Darya Ganj, _bNew Delhi _e110002 _l - |
||
| 300 |
_a288 ص _c22 Cm(Hb) |
||
| 942 |
_2ddc _cUR _h840.08 _mا ر ش |
||